Miasta najbliżej Moskwy - Statystyki

Ogólne statystyki
  • Ten quiz został rozwiązany 11 razy
  • Średni wynik to 9 z 15
Statystyki odpowiedzi
Zagadnienie Odpowiedź % Poprawnych
Które miasto leży najbliżej Moskwy? Beer Szewa (Izrael)
91%
Które miasto leży najbliżej Moskwy? Montreal (Kanada)
91%
Które miasto leży najbliżej Moskwy? Mińsk (Białoruś)
82%
Które miasto leży najbliżej Moskwy? Paramaribo (Surinam)
73%
Które miasto leży najbliżej Moskwy? Przemyśl (Polska)
73%
Które miasto leży najbliżej Moskwy? Bangi (Republika Środkowoafrykańska
64%
Które miasto leży najbliżej Moskwy? Gaziantep (Turcja)
64%
Które miasto leży najbliżej Moskwy? Kłajpeda (Litwa)
64%
Które miasto leży najbliżej Moskwy? Sapporo (Japonia)
64%
Które miasto leży najbliżej Moskwy? Charków (Ukraina)
55%
Które miasto leży najbliżej Moskwy? Detroit (USA)
55%
Które miasto leży najbliżej Moskwy? Karaczi (Pakistan)
55%
Które miasto leży najbliżej Moskwy? Qingdao (Chiny)
55%
Które miasto leży najbliżej Moskwy? Kopenhaga (Dania)
36%
Które miasto leży najbliżej Moskwy? Medan (Indonezja)
9%
Nie znaleziono quizów pasujących do podanych kryteriów
Rozkład punktacji
Procent ludzi z każdym wynikiem
Percentyl według liczby udzielonych odpowiedzi
Twoja historia wyników
Nie rozwiązałeś tego quizu